| 000 | 00628nam a22002057a 4500 | ||
|---|---|---|---|
| 005 | 20100805160956.0 | ||
| 010 | _aENG-98420 | ||
| 020 | _c175.00 | ||
| 035 | _aEN-81953 | ||
| 037 | _bDBAD/PUB | ||
| 082 | _a330 | ||
| 100 |
_aK.Senthilkumar _97217 |
||
| 245 |
_aEconomic thought / _cby K. Senthilkumar |
||
| 260 |
_aChennai _bPavai Publications _c2008 |
||
| 270 |
_a142, Johny John Kan Salai Rayapettai _bChennai _e600014 |
||
| 300 |
_a173 p. _b22cm (Pbk) |
||
| 700 | _96809 | ||
| 942 |
_2ddc _cEN _h330 _mKSE |
||
| 999 |
_c39564 _d39564 |
||